1765 1706 1418 1153 1459 1693 1580 1565 1020 1089 1114 1942 2000 1646 1807 1831 1359 1051 1735 1653 1937 1083 1446 1460 1869 1686 1166 1946 1089 1626 1143 1468 1994 1280 1725 1922 1277 1178 1654 1190 1188 1506 1503 1520 1044 1489 1603 1691 1477 1325 1904 1864 1252 1905 1680 1428 1971 1222 1386 1065 1889 1619 1512 1089 1279 1191 1661 1363 1096 1819 1362 1644 1181 1806 1609 1999 1426 1991 1927 1929 1494 1389 1174 1068 1020 1046 1134 1715 1557 1883 1392 1664 1498 1758 1734 1631 1806 1383 1772 BCNSPRNW ULIB Ver.6.0+V

เปลี่ยนเป็นภาษาไทย

Change to English
 แสดงรายละเอียดบรรณานุกรม
  กลับหน้าหลัก

Brief Record : Get Marc (ISO 2709) : E-mail record : QR code < ปิดหน้าต่าง
LEADER : 00000nam 2200000uu 4500
001    13399123298
003     ULIB
008    140815s2556||||th 000 0 tha d
099    วจ.WY18^bท354ก
100 0  ทับทิม ปัตตะพงศ์, ชนกานต์ แสงคำกุล และสุรีย์ เหล็กขำ
245 00 การรับรู้ความสามารถในการปฏบัติงานตามบทบาทเวชกรฉุกเฉินระดับต้นของผู้อบรมหลักสูตรเวชกรฉุกเฉินระดับต้น วิทยาลัยพยาบาลบรมราชชนนี พุทธชินราช/^cทับทิม ปัตตะพงศ์, ชนกานต์ แสงคำกุล และสุรีย์ เหล็กขำ
260    พิษณุโลก:^bวิทยาลัยพยาบาลบรมราชชนนี พุทธชินราช,^c2556
300    41 หน้า
650  0 เวชกรฉุกเฉินระดับต้น^xวิจัย
650  0 หลักสูตรเวชกรฉุกเฉินระดับต้น^xวิจัย
700 0  ชนกานต์ แสงคำกุล^eผู้ร่วมวิจัย
700 0  สุรีย์ เหล็กขำ^eผู้ร่วมวิจัย
945    ^p0^l0^i034605
999    ^aเกษร โพธิ์สุวรรณ
รายการนี้ยังไม่มีแท็ก
คุณยังไม่ได้ล็อกอิน คุณสามารถมีกิจกรรมร่วมกับเว็บไซต์ได้ แต่ต้องล็อกอินก่อน ::
  ล็อกอิน

รายการสื่อสารสนเทศ

ลำดับที่ ประเภท เลขเรียก/บาร์โค้ด สถานที่ สถานะ
1. งานวิจัย
งานวิจัย
วจ.WY18 ท354ก ฉ.1 
  Barcode: 034605
ห้องสมุดวิทยาเขตสวรรค์ประชารักษ์
►วิจัย
บนชั้น

BibComment


ยังไม่เคยถูกคอมเมนท์

คอมเมนท์ทรัพยากรรายการนี้
  คอมเมนท์: การรับรู้ความสามา..


 Copyright 2026. Bcnsprnw @Library